00701 a2200181 4500003000500000005001700005040000900022082001700031100003300048245009400081260004900175300002900224505007800253650003200331942001200363999001900375952012500394Nust20221222124019.0 cNust a297.122, SAL a by, Pir Salahud Din9105664 aThe wonderful Quran /b a new english translation by, Pir Salahud Din.c Pir Salahud Din. aIslamabad :b The Quran Publications,c1991. a2 v. (908 p.)b ; 25 cm. aIntroduction (Page-1), From Surah Al-Fatiha To Surah Al-Nas (Page-2-627). aThe wonderful Quran9105665 2ddccBK c185054d185054 00102ddc4070aMCSbMCScGENd2016-12-12o297.122,SALpMCS29601r2016-12-08w2016-12-12yBKzAlmirah No.47, Shelf No.2